[Event "Open"]
[Site "Ciro' Marina ITA"]
[Date "1998.??.??"]
[Round "4"]
[White "Sherf, Roni"]
[Black "Antoniou, Antonis"]
[Result "1/2-1/2"]
[WhiteElo "2185"]
[BlackElo "2240"]
[PlyCount "51"]
[EventDate "1998.??.??"]

1. e4 e5 2. Nf3 Nc6 3. d4 exd4 4. Nxd4 Bc5 5. Be3 Qf6 6. c3 Nge7 7. Bc4 O-O 8.
O-O Bb6 9. f4 d6 10. Na3 Be6 11. Ndc2 Bxe3+ 12. Nxe3 Bxc4 13. Naxc4 Qg6 14. f5
Qg5 15. Rf3 Ne5 16. Rg3 Qf6 17. Qh5 g6 18. Rf1 Kh8 19. Qh6 Ng8 20. Qh3 Qg7 21.
Nxe5 Qxe5 22. Qh4 Rae8 23. Rf4 Nf6 24. fxg6 fxg6 25. Qh6 Qh5 26. Qxh5 1/2-1/2

[Event "Open"]
[Site "Ciro' Marina ITA"]
[Date "1998.??.??"]
[Round "5"]
[White "Antoniou, Antonis"]
[Black "Tassi, Oliviero"]
[Result "1/2-1/2"]
[WhiteElo "2240"]
[BlackElo "2305"]
[PlyCount "37"]
[EventDate "1998.??.??"]

1. e4 c5 2. Nf3 d6 3. d4 cxd4 4. Nxd4 Nf6 5. Nc3 a6 6. Bg5 e6 7. f4 Qb6 8. Qd2
Qxb2 9. Rb1 Qa3 10. f5 Nc6 11. fxe6 fxe6 12. Nxc6 bxc6 13. Be2 Qa5 14. O-O Be7
15. Rb3 O-O 16. Nd5 Qd8 17. Nxe7+ Qxe7 18. Rbf3 Rb8 19. Qc3 1/2-1/2

[Event "Open"]
[Site "Ciro' Marina ITA"]
[Date "1998.??.??"]
[Round "5"]
[White "Corvi, Marco"]
[Black "Ipsarides, Herodotos"]
[Result "1-0"]
[WhiteElo "2320"]
[BlackElo "2200"]
[PlyCount "75"]
[EventDate "1998.??.??"]

1. e4 c5 2. c4 Nc6 3. Nc3 g6 4. g3 Bg7 5. Bg2 e6 6. Nge2 Nge7 7. d3 O-O 8. Be3
Nd4 9. Qd2 d6 10. h4 Rb8 11. h5 a6 12. Rc1 Nec6 13. Bg5 Qc7 14. Bh6 b5 15. Bxg7
Kxg7 16. cxb5 axb5 17. Nxd4 Nxd4 18. Qf4 Qe7 19. e5 d5 20. b4 g5 21. Qe3 cxb4
22. Nxd5 exd5 23. h6+ Kh8 24. Qxd4 Be6 25. O-O Rfc8 26. Qb2 Ra8 27. Rxc8+ Rxc8
28. Rc1 Rxc1+ 29. Qxc1 Kg8 30. d4 f6 31. Qc6 fxe5 32. Bxd5 Kf7 33. dxe5 Bxd5
34. Qxd5+ Kg6 35. Qd6+ Qxd6 36. exd6 Kf6 37. f4 gxf4 38. g4 1-0

[Event "Open"]
[Site "Ciro' Marina ITA"]
[Date "1998.??.??"]
[Round "5"]
[White "Georghiou, Antonis"]
[Black "Fabiano, Giuseppe"]
[Result "1/2-1/2"]
[WhiteElo "2100"]
[BlackElo "2230"]
[PlyCount "88"]
[EventDate "1998.??.??"]

1. d4 Nf6 2. c4 e6 3. Nc3 Bb4 4. Qc2 c5 5. dxc5 Na6 6. a3 Bxc3+ 7. Qxc3 Nxc5 8.
f3 O-O 9. b4 Na4 10. Qc2 b5 11. cxb5 Nb6 12. e4 d5 13. e5 Nfd7 14. Bb2 Bb7 15.
Bd3 Rc8 16. Qe2 Nc4 17. Bd4 Qh4+ 18. Qf2 Qh6 19. f4 f6 20. exf6 Nxf6 21. Nf3
Ne4 22. Qe2 e5 23. fxe5 Ng3 24. hxg3 Qxh1+ 25. Kf2 Qh2 26. Bc5 Rxf3+ 27. Qxf3
Nxe5 28. Qf5 Nxd3+ 29. Qxd3 d4 30. Qc4+ Kh8 31. Rg1 Rd8 32. Qf7 Qh6 33. Re1 Bd5
34. Re8+ Rxe8 35. Qxe8+ Bg8 36. Qe2 Qc1 37. Bxd4 Qxa3 38. Qb2 Qxb2+ 39. Bxb2
Bc4 40. Bd4 Bxb5 41. Bxa7 Kg8 42. Ke3 Bc6 43. Kd4 Bxg2 44. Kc5 Kf7 1/2-1/2

[Event "Open"]
[Site "Ciro' Marina ITA"]
[Date "1998.??.??"]
[Round "5"]
[White "Keskisarja, Teemu"]
[Black "Sousa Reis, Luis"]
[Result "1-0"]
[WhiteElo "2300"]
[BlackElo "2225"]
[PlyCount "63"]
[EventDate "1998.??.??"]

1. e4 d5 2. exd5 Nf6 3. d4 Qxd5 4. Nc3 Qa5 5. Bc4 Bg4 6. Nge2 Nc6 7. Bd2 Qh5 8.
f3 Bxf3 9. gxf3 Qh4+ 10. Kf1 e5 11. Qe1 Qh3+ 12. Kf2 O-O-O 13. Ng3 Nxd4 14. Bd3
Bc5 15. Be3 e4 16. Ncxe4 Nxe4+ 17. Bxe4 f5 18. c3 fxe4 19. cxd4 Rxd4 20. Qf1
Rd2+ 21. Ke1 Rg2 22. Bxc5 exf3 23. Qxf3 Re8+ 24. Be3 Kb8 25. Rd1 Rxb2 26. Rd2
Rb6 27. Re2 Rbe6 28. Rf1 g6 29. Rff2 h5 30. Bd2 h4 31. Rxe6 Rxe6+ 32. Ne2 1-0

[Event "Open"]
[Site "Ciro' Marina ITA"]
[Date "1998.??.??"]
[Round "5"]
[White "Morais, Vitor"]
[Black "Nyysti, Sampsa"]
[Result "0-1"]
[WhiteElo "2110"]
[BlackElo "2165"]
[PlyCount "127"]
[EventDate "1998.??.??"]

1. e4 c5 2. Nf3 e6 3. d4 cxd4 4. Nxd4 Nf6 5. Nc3 d6 6. Be3 Be7 7. Bc4 Na6 8.
Bxa6 bxa6 9. Nc6 Qc7 10. Nxe7 Kxe7 11. O-O Bb7 12. Qd4 Rhd8 13. Rad1 Bc6 14.
Rfe1 Rd7 15. Bg5 Qb6 16. Qc4 Rad8 17. Nd5+ Bxd5 18. exd5 Rc7 19. Qe2 e5 20. b3
Rc3 21. Kh1 Rdc8 22. Rd2 h6 23. Be3 Qb5 24. Bd4 Qxe2 25. Rexe2 Nxd5 26. Bxe5
dxe5 27. Rxe5+ Kf8 28. Rexd5 Rxc2 29. g3 Rxd2 30. Rxd2 Ke7 31. Kg2 Ke6 32. Rd4
Rc5 33. h4 Ra5 34. a4 Rc5 35. Rb4 Rc7 36. Kf3 Kd5 37. Kf4 g6 38. h5 Re7 39. f3
Kc5 40. Rb8 gxh5 41. Kf5 Re3 42. Kf4 Re7 43. Rh8 Re6 44. Rf8 Kb4 45. Rxf7 Kxb3
46. a5 Kb4 47. Rf5 Rc6 48. Rxh5 Kc4 49. g4 Rf6+ 50. Rf5 Rc6 51. Rf8 Rd6 52. Rf7
Kc5 53. Rf5+ Kd4 54. Kg3 Rg6 55. f4 Ke4 56. Re5+ Kd4 57. Re7 Kc5 58. f5 Rg8 59.
Kf4 Rf8 60. Re6 Kb5 61. Rxh6 Kxa5 62. g5 Kb5 63. g6 a5 64. g7 0-1

[Event "Open"]
[Site "Ciro' Marina ITA"]
[Date "1998.??.??"]
[Round "5"]
[White "Rodrigues, Luis"]
[Black "Penttinen, Jarkko"]
[Result "0-1"]
[WhiteElo "2105"]
[BlackElo "2280"]
[PlyCount "46"]
[EventDate "1998.??.??"]

1. Nf3 d5 2. c4 c6 3. d4 e6 4. Nbd2 f5 5. Ne5 Nd7 6. Ndf3 Ngf6 7. c5 Be7 8. e3
O-O 9. Be2 Nxe5 10. Nxe5 Nd7 11. Nxd7 Bxd7 12. Bd2 e5 13. Bc3 f4 14. exf4 Rxf4
15. dxe5 Bxc5 16. Bf3 Qe7 17. Qe2 Raf8 18. O-O-O Bf5 19. g3 Rxf3 20. Qxf3 Be4
21. Qg4 Rxf2 22. Qc8+ Rf8 23. Qg4 Be3+ 0-1

[Event "Open"]
[Site "Ciro' Marina ITA"]
[Date "1998.??.??"]
[Round "5"]
[White "Stefanelli, Luca"]
[Black "Schinis, Marios"]
[Result "1-0"]
[WhiteElo "2270"]
[BlackElo "2210"]
[PlyCount "65"]
[EventDate "1998.??.??"]

1. d4 Nf6 2. Nf3 e6 3. e3 b6 4. Bd3 c5 5. O-O Be7 6. b3 cxd4 7. exd4 Bb7 8. Bb2
O-O 9. Nbd2 d5 10. Qe2 Nc6 11. a3 a5 12. Ne5 Bd6 13. f4 Nb8 14. g4 Ba6 15. c4
g6 16. Rf2 Ne8 17. Raf1 Ng7 18. f5 exf5 19. gxf5 Nd7 20. Qf3 Nxe5 21. dxe5 Bc5
22. f6 Nh5 23. e6 Qd6 24. e7 Rfe8 25. cxd5 Bxd3 26. Qxd3 Nf4 27. Qf3 Nxd5 28.
Ne4 Bxf2+ 29. Qxf2 Qe6 30. Qh4 h5 31. Re1 Qg4+ 32. Qxg4 hxg4 33. Nd6 1-0

[Event "Open"]
[Site "Frosinone ITA"]
[Date "1998.??.??"]
[Round "1"]
[White "Agomeri, Dante"]
[Black "Roccatani, Raffaele"]
[WhiteElo "1711"]
[BlackElo "1633"]
[Result "0-1"]
[PlyCount "58"]
[EventDate "1998.??.??"]

1. Nf3 c5 2. c4 Nc6 3. Nc3 Nf6 4. e3 d6 5. Be2 Bf5 6. a3 e5 7. O-O Be7 8. d4 e4
9. Ne1 O-O 10. d5 Ne5 11. f4 exf3 12. Nxf3 Nxf3+ 13. Bxf3 Re8 14. Rf2 Bf8 15.
g4 Bg6 16. g5 Ne4 17. Nxe4 Bxe4 18. h4 g6 19. Qf1 Qe7 20. Ra2 Bxf3 21. Rxf3 Qe4
22. Rf4 Qb1 23. Rxf7 Qxa2 24. h5 Qb1 25. Rxh7 Kxh7 26. Qf7+ Bg7 27. h6 Qxc1+
28. Kg2 Qxb2+ 29. Kh1 Rf8 0-1

[Event "Open"]
[Site "Frosinone ITA"]
[Date "1998.??.??"]
[Round "1"]
[White "Boccia, Mattia Mario"]
[Black "Gatto, Mario"]
[WhiteElo "1516"]
[BlackElo "1423"]
[Result "0-1"]
[PlyCount "106"]
[EventDate "1998.??.??"]

1. e4 c5 2. c3 d6 3. d4 cxd4 4. cxd4 Nf6 5. Nc3 a6 6. h3 Nc6 7. Nf3 e6 8. Bd3
Be7 9. O-O O-O 10. e5 Nd7 11. Qe2 dxe5 12. dxe5 Nc5 13. Bc2 Qc7 14. Bf4 b5 15.
b4 Nxb4 16. Bb1 Bb7 17. a3 Nd5 18. Nxd5 Bxd5 19. Ba2 Be4 20. Rfc1 Qb7 21. Ne1
Rfd8 22. Rc3 Na4 23. Re3 Bc6 24. Rg3 g6 25. Qg4 Nc5 26. h4 Ne4 27. Rh3 h5 28.
Qe2 Bc5 29. Nd3 Bb6 30. Rc1 Rxd3 31. Rxd3 Nxf2 32. Rd6 Nd3+ 33. Kh2 Nxc1 34.
Bxc1 Bc5 35. Rd3 Qb6 36. Rg3 Bf2 37. Rh3 Bg1+ 38. Kh1 Qf2 39. Qxf2 Bxf2 40. Rd3
Bxh4 41. Rd6 Rc8 42. Be3 Be7 43. Rd3 Be4 44. Rd4 Bf5 45. a4 b4 46. Rd7 Bf8 47.
Bb3 a5 48. Bb6 Rc3 49. Bd1 b3 50. Bd4 b2 51. Rd8 b1=Q 52. Bxc3 Qb6 53. Rd7 Qc6
0-1

[Event "Open"]
[Site "Frosinone ITA"]
[Date "1998.??.??"]
[Round "1"]
[White "Carella, Vincenzo"]
[Black "Maggiorino, Francesco"]
[WhiteElo "1453"]
[BlackElo "1666"]
[Result "1-0"]
[PlyCount "109"]
[EventDate "1998.??.??"]

1. a3 e5 2. c4 Nf6 3. Nc3 c6 4. d3 d5 5. Bg5 Be7 6. cxd5 cxd5 7. Nf3 Nc6 8. g3
O-O 9. Bg2 d4 10. Bxf6 Bxf6 11. Ne4 Be7 12. O-O f5 13. Ned2 Be6 14. Rc1 Bd5 15.
Qa4 Bf6 16. Rc2 e4 17. dxe4 fxe4 18. Ne1 e3 19. fxe3 dxe3 20. Ne4 Bxe4 21. Bxe4
Nd4 22. Qc4+ Kh8 23. Rc1 Rc8 24. Qxc8 Nxe2+ 25. Kg2 Qxc8 26. Rxc8 Rxc8 27. Nd3
Nd4 28. Bxb7 Rc2+ 29. Kh3 e2 30. Rf4 Rxb2 31. Re4 e1=Q 32. Rxe1 Re2 33. Rxe2
Nxe2 34. a4 a5 35. Bd5 Nc3 36. Bb3 g6 37. g4 Kg7 38. Kg2 Kf8 39. Kf3 g5 40. h3
Ke7 41. Nc5 Bd4 42. Ne6 Nb1 43. Nxd4 Kd6 44. Bc2 Nc3 45. Nb5+ Nxb5 46. axb5 h6
47. Ke4 Kc5 48. Bd3 a4 49. Kf5 a3 50. Bb1 Kxb5 51. Ba2 Kb4 52. Kg6 Kc3 53. Kxh6
Kb2 54. Bg8 a2 55. Bxa2 1-0

[Event "Open"]
[Site "Frosinone ITA"]
[Date "1998.??.??"]
[Round "1"]
[White "Di Lascio, Savino"]
[Black "Gorini, Alessandro"]
[WhiteElo "1864"]
[BlackElo "1606"]
[Result "1-0"]
[PlyCount "91"]
[EventDate "1998.??.??"]

1. Nf3 d5 2. g3 Nf6 3. Bg2 Nc6 4. O-O e5 5. d3 Bc5 6. Nbd2 O-O 7. c3 Re8 8. Qc2
Bf5 9. e4 dxe4 10. dxe4 Be6 11. b4 Bd6 12. Bb2 a6 13. a3 h6 14. c4 b6 15. c5
bxc5 16. bxc5 Bf8 17. Nxe5 Nxe5 18. Bxe5 Nd7 19. Bd4 Nxc5 20. Bxc5 Bxc5 21. e5
Bb6 22. Bxa8 Qxa8 23. Nc4 Bh3 24. Ne3 Rxe5 25. Rfe1 Qf3 26. Rad1 Re8 27. Qe2
Qc6 28. Qh5 Bc8 29. Nd5 Be6 30. Nxb6 cxb6 31. Re3 Kh7 32. Rde1 Rd8 33. Qe2 Bc8
34. Qa2 Be6 35. Qb1+ Kh8 36. Qb2 Rd5 37. Rb3 b5 38. Rc3 Qd7 39. Qb4 Rd2 40.
Rce3 Qd5 41. Qf4 Qa2 42. g4 Qd5 43. h4 Rd4 44. Re4 Rxe4 45. Qxe4 Qb3 46. Qe3
1-0

[Event "Open"]
[Site "Frosinone ITA"]
[Date "1998.??.??"]
[Round "1"]
[White "Passerotti, Pierluigi"]
[Black "Bruni, Luigi"]
[WhiteElo "2305"]
[BlackElo "1600"]
[Result "1-0"]
[PlyCount "53"]
[EventDate "1998.??.??"]

1. d4 Nf6 2. Nf3 g6 3. c4 d5 4. cxd5 Bg7 5. Qa4+ Qd7 6. Qxd7+ Bxd7 7. Nc3 c6 8.
dxc6 Bxc6 9. e3 O-O 10. Be2 Nbd7 11. O-O a6 12. b3 Rac8 13. Bb2 Rfe8 14. Rfd1
Nd5 15. Nxd5 Bxd5 16. Rac1 b5 17. Kf1 Nb6 18. Ne1 Rxc1 19. Rxc1 Rc8 20. Rxc8+
Nxc8 21. Nd3 a5 22. Nc5 Bc6 23. a3 Nb6 24. Bc3 b4 25. axb4 Nd5 26. b5 Bxb5 27.
Bxa5 1-0

[Event "Open"]
[Site "Frosinone ITA"]
[Date "1998.??.??"]
[Round "2"]
[White "Bruni, Luigi"]
[Black "Agomeri, Dante"]
[WhiteElo "1600"]
[BlackElo "1711"]
[Result "0-1"]
[PlyCount "112"]
[EventDate "1998.??.??"]

1. d4 Nf6 2. c4 g6 3. Nc3 Bg7 4. e4 d6 5. f3 O-O 6. Be3 e5 7. d5 Nbd7 8. Qd2
Ne8 9. Bd3 a6 10. Nge2 Nc5 11. Bc2 f5 12. O-O-O fxe4 13. Nxe4 Nxe4 14. fxe4 c5
15. dxc6 bxc6 16. c5 d5 17. exd5 cxd5 18. Qxd5+ Qxd5 19. Rxd5 Nf6 20. Rd6 Ng4
21. Bg5 Bf5 22. Bb3+ Kh8 23. Ng3 Nf2 24. Nxf5 Rxf5 25. c6 Rxg5 26. c7 Rf5 27.
Rxa6 Rc8 28. Ra7 Nxh1 29. Be6 Rf1+ 30. Kc2 Rf2+ 31. Kb3 Rxc7 32. Rxc7 e4 33.
Rc8+ Bf8 34. Rc1 Rf6 35. Rxh1 Rxe6 36. Re1 e3 37. Re2 Bh6 38. Kc4 Rd6 39. b4
Rd2 40. Re1 Rxa2 41. b5 Rb2 42. g3 e2 43. b6 Bf8 44. Kc3 Ra2 45. b7 Bd6 46. Kb3
Ra3+ 47. Kc4 Re3 48. Kd5 Bb8 49. Kc6 Re7 50. Kd5 Kg7 51. Kd4 Kf7 52. Kd3 Kf6
53. Rxe2 Rxe2 54. Kxe2 Kf5 55. Kf3 h6 56. Ke3 Kg4 0-1

[Event "Open"]
[Site "Frosinone ITA"]
[Date "1998.??.??"]
[Round "2"]
[White "Gatto, Mario"]
[Black "Di Lascio, Savino"]
[WhiteElo "1423"]
[BlackElo "1864"]
[Result "1/2-1/2"]
[PlyCount "139"]
[EventDate "1998.??.??"]

1. d4 Nf6 2. a3 b6 3. c4 e6 4. Nc3 Bb7 5. Bg5 h6 6. Bxf6 Qxf6 7. e3 Be7 8. Rc1
O-O 9. Qc2 c5 10. Ne4 Qg6 11. Ng3 f5 12. N1e2 cxd4 13. Nxd4 Nc6 14. Nf3 e5 15.
Be2 h5 16. h4 e4 17. Ng5 Bxg5 18. hxg5 Qxg5 19. Rxh5 Qg6 20. Kd2 Qd6+ 21. Ke1
g6 22. Rh6 Kg7 23. Rh1 Ne5 24. Rd1 Qf6 25. Kd2 d5 26. f4 exf3 27. gxf3 dxc4 28.
Rdf1 b5 29. Rh2 Rh8 30. Rg2 Rhd8+ 31. Ke1 Nd3+ 32. Bxd3 Rxd3 33. Nh5+ Kf7 34.
Nxf6 Rxe3+ 35. Re2 Rd3 36. Ne4 fxe4 37. fxe4+ Kg7 38. Rf4 Rad8 39. Ref2 R8d7
40. Qe2 a5 41. e5 g5 42. Rf6 Bd5 43. e6 Rd8 44. Rf7+ Kg8 45. Rd7 Re8 46. Rf6
Bxe6 47. Rxd3 cxd3 48. Qe5 Bf7 49. Qxe8+ Bxe8 50. Ra6 a4 51. Rd6 Kg7 52. Rxd3
Bf7 53. Kf2 Kg6 54. Kg3 Be6 55. Rd6 Kf5 56. Rb6 Bc4 57. Rb8 Ke4 58. Kg4 Kd3 59.
Rf8 Kc2 60. Rf2+ Kb1 61. Kxg5 Bb3 62. Kf4 Bc2 63. Ke3 Kxb2 64. Kd4 b4 65. axb4
a3 66. Rf1 a2 67. Rg1 Bb1 68. Rg2+ Bc2 69. Rg1 Kb3 70. Ra1 1/2-1/2

[Event "Open"]
[Site "Frosinone ITA"]
[Date "1998.??.??"]
[Round "2"]
[White "Gorini, Alessandro"]
[Black "Boccia, Mattia Mario"]
[WhiteElo "1606"]
[BlackElo "1516"]
[Result "1/2-1/2"]
[PlyCount "50"]
[EventDate "1998.??.??"]

1. e4 c6 2. d4 d5 3. e5 Bf5 4. Nf3 e6 5. Bd3 Bxd3 6. Qxd3 Qa5+ 7. Bd2 Qa6 8.
Qb3 c5 9. c3 Nc6 10. Be3 cxd4 11. cxd4 Nge7 12. Nc3 Nf5 13. a3 Be7 14. Rc1 O-O
15. Qb5 Qxb5 16. Nxb5 a6 17. Nc3 Na5 18. Nd2 Rac8 19. O-O Nxe3 20. fxe3 Bg5 21.
Rf3 b5 22. Rcf1 Be7 23. g3 Bxa3 24. Nxd5 exd5 25. bxa3 Nc4 1/2-1/2

[Event "Open"]
[Site "Frosinone ITA"]
[Date "1998.??.??"]
[Round "2"]
[White "Maggiorino, Francesco"]
[Black "Cristofari, Mario"]
[WhiteElo "1666"]
[BlackElo "1746"]
[Result "1-0"]
[PlyCount "125"]
[EventDate "1998.??.??"]

1. e4 e5 2. Nf3 Nc6 3. Bc4 Bc5 4. c3 Nf6 5. d4 exd4 6. cxd4 Bb4+ 7. Bd2 Bxd2+
8. Nbxd2 d5 9. exd5 Nxd5 10. Qb3 Nce7 11. O-O c6 12. a4 Qb6 13. a5 Qxb3 14.
Nxb3 O-O 15. Nc5 Rd8 16. Rfe1 Ng6 17. Re2 Rb8 18. h3 b6 19. axb6 axb6 20. Nd3
Be6 21. Ng5 Ndf4 22. Nxf4 Nxf4 23. Rc2 Bxc4 24. Rxc4 Ne2+ 25. Kh2 Nxd4 26. Ra7
b5 27. Rc5 f6 28. Ne4 Rbc8 29. Rc1 Nb3 30. Rc3 Nd2 31. Ng3 g6 32. h4 c5 33. Kh3
b4 34. Re3 Re8 35. Rd3 Rcd8 36. Rdd7 Rxd7 37. Rxd7 Ne4 38. f3 Nf2+ 39. Kh2 Re1
40. Rd2 Nd1 41. Ne4 c4 42. Nxf6+ Kg7 43. Ne4 c3 44. bxc3 b3 45. Rd7+ Kf8 46.
Rb7 b2 47. Nd2 Re2 48. Nb1 Rc2 49. Kh3 Rc1 50. Na3 Rxc3 51. Nb1 Rc1 52. Nd2
Nf2+ 53. Kg3 Nd3 54. Kg4 Rd1 55. Rb8+ Ke7 56. Rb7+ Kd8 57. Rxh7 b1=Q 58. Nxb1
Rxb1 59. Kg5 Rb6 60. Rg7 Ne5 61. f4 Nf7+ 62. Rxf7 Ke8 63. Rf6 1-0

[Event "Open"]
[Site "Frosinone ITA"]
[Date "1998.??.??"]
[Round "2"]
[White "Roccatani, Raffaele"]
[Black "Passerotti, Pierluigi"]
[WhiteElo "1633"]
[BlackElo "2305"]
[Result "0-1"]
[PlyCount "68"]
[EventDate "1998.??.??"]

1. Nf3 f5 2. g3 Nf6 3. Bg2 g6 4. d3 Bg7 5. Nbd2 d6 6. O-O O-O 7. c3 Nc6 8. Qb3+
e6 9. Re1 h6 10. e4 Kh7 11. exf5 gxf5 12. d4 Ne7 13. Nh4 Rb8 14. Qc2 Qe8 15. f4
d5 16. Ndf3 Ne4 17. Ne5 Bf6 18. Nhf3 Rg8 19. Nd2 Bd7 20. c4 c6 21. b3 Rc8 22.
Ba3 Ng6 23. Ndf3 Rc7 24. Rac1 Bc8 25. Nxg6 Qxg6 26. Ne5 Qe8 27. Bxe4 fxe4 28.
Re3 Rcg7 29. Qg2 Qh5 30. Rcc3 Qd1+ 31. Kf2 Qxd4 32. Bd6 Qd2+ 33. Kf1 Qxg2+ 34.
Kxg2 d4 0-1

[Event "Open"]
[Site "Frosinone ITA"]
[Date "1998.??.??"]
[Round "3"]
[White "Agomeri, Dante"]
[Black "Carella, Vincenzo"]
[WhiteElo "1711"]
[BlackElo "1453"]
[Result "0-1"]
[PlyCount "70"]
[EventDate "1998.??.??"]

1. Nf3 c5 2. c4 Nc6 3. Nc3 g6 4. e3 Bg7 5. Be2 Nf6 6. O-O O-O 7. d4 cxd4 8.
exd4 d5 9. b3 Re8 10. Be3 Bf5 11. Rc1 Rc8 12. Bd3 Bxd3 13. Qxd3 Nb4 14. Qd2
dxc4 15. Na4 Nbd5 16. bxc4 Nxe3 17. fxe3 Ne4 18. Qd3 f5 19. Nc3 Nxc3 20. Rxc3
e5 21. c5 exd4 22. Qc4+ Kh8 23. Rd3 Rxe3 24. Rfd1 Qe7 25. Qc1 Rxc5 26. Qd2 Rc8
27. h4 Rxd3 28. Qxd3 Qe3+ 29. Qxe3 dxe3 30. Kf1 Bf6 31. Ke2 f4 32. Ng5 Rc2+ 33.
Kf3 Rf2+ 34. Ke4 e2 35. Rc1 Bxg5 0-1

[Event "Open"]
[Site "Frosinone ITA"]
[Date "1998.??.??"]
[Round "3"]
[White "Bruni, Luigi"]
[Black "Gorini, Alessandro"]
[WhiteElo "1600"]
[BlackElo "1606"]
[Result "1/2-1/2"]
[PlyCount "110"]
[EventDate "1998.??.??"]

1. d4 d5 2. c4 e6 3. Nc3 Nf6 4. Bg5 Be7 5. e3 Nbd7 6. Nf3 c6 7. Rc1 O-O 8. Bd3
Re8 9. O-O dxc4 10. Bxc4 Nd5 11. Bxe7 Qxe7 12. e4 N5b6 13. Bd3 Nf8 14. Ne2 Ng6
15. Ng3 Qb4 16. Qc2 Nf4 17. a3 Qe7 18. Rfe1 Nxd3 19. Qxd3 Bd7 20. h4 Red8 21.
h5 Be8 22. Qe3 h6 23. Ne5 Qf6 24. Rcd1 Qh4 25. f4 c5 26. dxc5 Na4 27. Nc4 Nxc5
28. f5 b6 29. Nd6 Ba4 30. Rd2 e5 31. f6 Qxf6 32. Rf1 Qh4 33. Ndf5 Qg5 34. Qxg5
hxg5 35. Ne7+ Kf8 36. Ng6+ Ke8 37. Rxd8+ Rxd8 38. Nxe5 f6 39. b4 Bb5 40. Rc1
Nb3 41. Rc3 Nd4 42. Ng6 Ne2+ 43. Nxe2 Bxe2 44. Rc7 Rd7 45. Rc8+ Kf7 46. Rf8+
Ke6 47. Re8+ Kd6 48. e5+ fxe5 49. Nxe5 Re7 50. Nf7+ Rxf7 51. Rxe2 Kd5 52. Kh2
Kc4 53. Kh3 Kb3 54. Re3+ Ka4 55. Kg4 a5 1/2-1/2

[Event "Open"]
[Site "Frosinone ITA"]
[Date "1998.??.??"]
[Round "3"]
[White "Cristofari, Mario"]
[Black "Boccia, Mattia Mario"]
[WhiteElo "1746"]
[BlackElo "1516"]
[Result "0-1"]
[PlyCount "110"]
[EventDate "1998.??.??"]

1. d4 d5 2. c4 c6 3. c5 e5 4. dxe5 Nd7 5. Nf3 Nxc5 6. Bg5 Qa5+ 7. Qd2 Qxd2+ 8.
Nbxd2 Ne7 9. e3 h6 10. Bh4 Ng6 11. Bg3 Bf5 12. Nd4 Bd3 13. f4 Bxf1 14. Rxf1 Be7
15. f5 Nd3+ 16. Ke2 Ngxe5 17. N2f3 Nxf3 18. Rxf3 Nc5 19. a3 a5 20. Be5 Ne4 21.
Raf1 Bf6 22. Bxf6 Nxf6 23. h3 h5 24. Kd3 Ne4 25. b3 h4 26. Rf4 Nf6 27. Nf3 Kd7
28. Rxh4 Rxh4 29. Nxh4 Re8 30. Nf3 c5 31. g4 Rh8 32. Ne5+ Ke7 33. Rf3 Ne4 34.
Kc2 Ng5 35. Rg3 Nxh3 36. Nd3 Kd6 37. g5 Rh5 38. f6 g6 39. Nf4 Nxf4 40. exf4 d4
41. Rg2 Rh3 42. Rf2 Ke6 43. Re2+ Re3 44. Rxe3+ dxe3 45. Kd3 e2 46. Kxe2 b5 47.
Kd3 Kf5 48. Ke3 c4 49. bxc4 bxc4 50. Kd4 c3 51. Kxc3 Kxf4 52. Kc4 Kxg5 53. Kb5
Kxf6 54. Kxa5 g5 55. Kb6 g4 0-1

[Event "Open"]
[Site "Frosinone ITA"]
[Date "1998.??.??"]
[Round "3"]
[White "Maggiorino, Francesco"]
[Black "Roccatani, Raffaele"]
[WhiteElo "1666"]
[BlackElo "1633"]
[Result "0-1"]
[PlyCount "96"]
[EventDate "1998.??.??"]

1. e4 c6 2. d4 d5 3. Nd2 dxe4 4. Nxe4 Nd7 5. Bc4 Ngf6 6. Ng5 e6 7. Qe2 Nb6 8.
c3 Nxc4 9. Qxc4 Bd6 10. f4 O-O 11. N1f3 h6 12. Nh3 Qc7 13. Ne5 b5 14. Qe2 a5
15. g4 Nd7 16. g5 hxg5 17. Nxg5 g6 18. Nxg6 fxg6 19. Nxe6 Re8 20. Nxc7 Rxe2+
21. Kxe2 Bxc7 22. Rg1 Kf7 23. Be3 Nf6 24. h3 Bxh3 25. Rg3 Bf5 26. b3 Re8 27.
Kf3 Ne4 28. Rgg1 Nxc3 29. Rac1 b4 30. a3 Rh8 31. axb4 axb4 32. Ra1 Rh3+ 33. Kf2
Nd5 34. Bd2 Rxb3 35. Ra6 Ne7 36. Ra7 Bb6 37. Rxe7+ Kxe7 38. Re1+ Kd6 39. Be3
Rd3 40. Ke2 Bxd4 41. Bxd4 Rxd4 42. Ke3 Re4+ 43. Kd2 Rxe1 44. Kxe1 c5 45. Kd2 c4
46. Kc1 c3 47. Kd1 b3 48. Kc1 b2+ 0-1

[Event "Open"]
[Site "Frosinone ITA"]
[Date "1998.??.??"]
[Round "3"]
[White "Passerotti, Pierluigi"]
[Black "Gatto, Mario"]
[WhiteElo "2305"]
[BlackElo "1423"]
[Result "1-0"]
[PlyCount "69"]
[EventDate "1998.??.??"]

1. d4 g6 2. e4 Bg7 3. Nf3 d6 4. Be2 Nd7 5. O-O e5 6. c3 Ne7 7. Na3 O-O 8. Re1
Kh8 9. Bf1 f5 10. Ng5 Nb6 11. dxe5 dxe5 12. Nf7+ Rxf7 13. Qxd8+ Ng8 14. exf5
Bxf5 15. Qh4 Be6 16. Be3 Nf6 17. Nc4 Nh5 18. Nxb6 axb6 19. Bc4 Bxc4 20. Qxc4
Raf8 21. Rad1 c5 22. Rd8 Rxf2 23. Qd5 Rxd8 24. Qxd8+ Rf8 25. Qxb6 Nf4 26. Qxb7
h6 27. Bxf4 exf4 28. Re7 Rg8 29. h4 g5 30. h5 g4 31. a4 g3 32. Kf1 Rd8 33. Rxg7
Rd1+ 34. Ke2 Rd2+ 35. Kxd2 1-0

[Event "Open"]
[Site "Frosinone ITA"]
[Date "1998.??.??"]
[Round "4"]
[White "Agomeri, Dante"]
[Black "Maggiorino, Francesco"]
[WhiteElo "1711"]
[BlackElo "1666"]
[Result "1-0"]
[PlyCount "57"]
[EventDate "1998.??.??"]

1. c4 Nf6 2. Nc3 e6 3. Nf3 d5 4. cxd5 Nxd5 5. e4 Nxc3 6. bxc3 Bc5 7. d4 Bb6 8.
Ba3 Bd7 9. Ne5 Nc6 10. Nxd7 Qxd7 11. Bb5 O-O-O 12. O-O f5 13. Re1 Qf7 14. Bxc6
bxc6 15. Qa4 Qd7 16. exf5 exf5 17. Re7 Qd5 18. Rae1 Rd7 19. Rxd7 Qxd7 20. Re7
Re8 21. Qa6+ Kd8 22. Rxd7+ Kxd7 23. g3 g5 24. Qd3 Re4 25. Kg2 g4 26. Bc1 h5 27.
Be3 Kd6 28. c4 Ke7 29. c5 1-0

[Event "Open"]
[Site "Frosinone ITA"]
[Date "1998.??.??"]
[Round "4"]
[White "Boccia, Mattia Mario"]
[Black "Di Lascio, Savino"]
[WhiteElo "1516"]
[BlackElo "1864"]
[Result "0-1"]
[PlyCount "62"]
[EventDate "1998.??.??"]

1. e4 c6 2. d4 d5 3. e5 Bf5 4. Nf3 e6 5. Be2 c5 6. c3 Nc6 7. O-O Rc8 8. a3 Qb6
9. b4 cxd4 10. cxd4 a6 11. Be3 Nge7 12. Nbd2 h6 13. Nb3 Nxb4 14. Nc5 Nbc6 15.
Bd3 Rc7 16. Qd2 g5 17. Rfb1 Qa7 18. a4 a5 19. Ne1 Nb4 20. Nc2 Bxd3 21. Nxb4
Bxb1 22. Rxb1 axb4 23. Qxb4 Nc6 24. Qb5 Bxc5 25. dxc5 O-O 26. f4 gxf4 27. Bxf4
Nd4 28. Qd3 Nf5 29. Qe2 Qxc5+ 30. Kh1 Qc2 31. Qg4+ Kh7 0-1

[Event "Open"]
[Site "Frosinone ITA"]
[Date "1998.??.??"]
[Round "4"]
[White "Carella, Vincenzo"]
[Black "Roccatani, Raffaele"]
[WhiteElo "1453"]
[BlackElo "1633"]
[Result "0-1"]
[PlyCount "116"]
[EventDate "1998.??.??"]

1. a3 Nf6 2. c4 g6 3. Nc3 d5 4. cxd5 Nxd5 5. e4 Nxc3 6. bxc3 Bg7 7. d4 c5 8. e5
O-O 9. Be3 Nc6 10. Nf3 Bg4 11. Be2 cxd4 12. cxd4 Qa5+ 13. Nd2 Bxe2 14. Qxe2
Rfd8 15. O-O Qd5 16. Nf3 e6 17. Rfc1 Rac8 18. Rc5 Qd7 19. Rac1 Bf8 20. R5c3 Ne7
21. Bg5 Rxc3 22. Rxc3 Rc8 23. Qc2 Rxc3 24. Qxc3 Nd5 25. Qb2 Qa4 26. h4 b6 27.
Bc1 Nc7 28. Nd2 Nb5 29. Ne4 Qd1+ 30. Kh2 Nxd4 31. Nf6+ Kg7 32. Qa1 Qd3 33. Bg5
Bxa3 34. Ne8+ Kf8 35. Nf6 h5 36. Bh6+ Ke7 37. Ng8+ Kd7 38. Nf6+ Kc8 39. Be3 Nf5
40. Bg5 b5 41. Qe1 b4 42. Ne4 a5 43. Nc5 Qc3 44. Qe4 Qxc5 45. Qa8+ Kd7 46. Qd8+
Kc6 47. Qc8+ Kb5 48. Qe8+ Kc4 49. Qa4 Qxe5+ 50. g3 Nd4 51. Be3 Nf3+ 52. Kg2 Qe4
53. Kf1 Qb1+ 54. Kg2 Ne1+ 55. Kh3 Qf5+ 56. Kh2 Qd5 57. f3 Qxf3 58. Qd1 Qxd1 0-1

[Event "Open"]
[Site "Frosinone ITA"]
[Date "1998.??.??"]
[Round "4"]
[White "Cristofari, Mario"]
[Black "Bruni, Luigi"]
[WhiteElo "1746"]
[BlackElo "1600"]
[Result "1-0"]
[PlyCount "45"]
[EventDate "1998.??.??"]

1. d4 Nf6 2. c4 g6 3. Nf3 Bg7 4. Nc3 d5 5. Bg5 Ne4 6. Bf4 Nxc3 7. bxc3 c5 8. e3
dxc4 9. Bxc4 O-O 10. O-O Nc6 11. Rb1 b6 12. dxc5 bxc5 13. Bd5 Qd7 14. c4 e6 15.
Be4 f5 16. Bxc6 Qxc6 17. Qd6 Bb7 18. Rfd1 Rfd8 19. Qxd8+ Rxd8 20. Rxd8+ Kf7 21.
Rbd1 e5 22. R1d7+ Ke6 23. Ng5+ 1-0